00602nam a2200169 4500020001800000082001400018100002000032245005700052260003400109300002300143500006600166650003600232700001400268942000700282999001700289952012600306 a9788120311367 a511.3 KLI aKlir, George J. aFuzzy sets and fuzzy logic : theory and applications aNew DelhibPHI Learningc1995 axv, 574 p.bill. ; aIncludes bibliographical references (p. 494-547) and indexes. a1. Fuzzy sets. 2. Fuzzy logic. aYuan, Bo. cBK c12352d12352 001040708NFICaCLbCLcGENd2013-12-27eSaeed Book Bankg610.40l0o511.3 KLIpSEECS012775r2013-12-29w2013-12-29yBK